000 00408nam a22001697a 4500
005 20160627115359.0
008 160627b xxu||||| |||| 00| 0 eng d
020 _a81-229-0196-4
041 _aeng
082 _b10289
100 _aRyan, Buck and O'donndl, Michael
_92710
245 _aThe Editors Toolbox
260 _bSurjeet
_c2005
300 _a327
650 _aMass Communication
_92660
942 _cBK
999 _c4233
_d4232